[Event "AUT_chT 2012/13"]
[Site "Hohenems"]
[Date "2013.01.17"]
[Round "4"]
[Board "6"]
[White "Froewis, Georg"]
[Black "Fauland, Alexander"]
[Result "0-1"]
[WhiteElo "2409"]
[BlackElo "2439"]
[PlyCount "82"]
[EventDate "2012.11.02"]
[EventType "team"]
[EventRounds "11"]
[EventCountry "AUT"]
[WhiteTeam "SK Hohenems"]
[BlackTeam "SK Advisory Invest Baden"]

1. Nf3 Nf6 2. c4 d6 3. d4 Bg4 4. g3 Bxf3 5. exf3 c6 6. Bg2 e6 7. O-O d5 8. Be3
dxc4 9. Nd2 b5 10. f4 g6 11. a4 Nd5 12. axb5 cxb5 13. f5 gxf5 14. Qh5 Nc6 15.
Rfe1 Qd7 16. Bg5 Bg7 17. Nf3 h6 18. Rxe6+ Qxe6 19. Re1 Ne5 20. Rxe5 Bxe5 21.
Nxe5 Rg8 22. Bh4 Rg6 23. Qf3 Nb6 24. Qa3 Rc8 25. f4 Rc7 26. Qa5 Qd6 27. Qxb5+
Kf8 28. d5 Qc5+ 29. Qxc5+ Rxc5 30. Nxg6+ fxg6 31. d6 Ke8 32. g4 Kd7 33. Bf6
Kxd6 34. g5 h5 35. Kf2 Nd5 36. Be5+ Ke6 37. h4 a5 38. Bf1 a4 39. Ke1 Ne3 40.
Be2 Rxe5 41. fxe5 c3 0-1

[Event "AUT_chT 2012/13"]
[Site "Hohenems"]
[Date "2013.01.17"]
[Round "4"]
[Board "3"]
[White "Pavasovic, Dusko"]
[Black "Felsberger, Alfred"]
[Result "1-0"]
[WhiteElo "2557"]
[BlackElo "2366"]
[PlyCount "60"]
[EventDate "2012.11.02"]
[EventType "team"]
[EventRounds "11"]
[EventCountry "AUT"]
[WhiteTeam "SK MPOE Maria Saal"]
[BlackTeam "Club 7 Ansfelden"]

1. e4 c5 2. c3 e6 3. Nf3 d5 4. exd5 exd5 5. d4 Nc6 6. Bb5 Bd6 7. O-O Nge7 8.
dxc5 Bxc5 9. Nbd2 O-O 10. Nb3 Bd6 11. Bd3 Bf5 12. Re1 Bg6 13. Bg5 Re8 14. Bxg6
hxg6 15. Qd3 Qd7 16. Rad1 a6 17. Nbd4 Rac8 18. Re2 f6 19. Bh4 g5 20. Nxc6 bxc6
21. Bg3 a5 22. Bxd6 Qxd6 23. Rde1 Kf7 24. Nd4 Ng8 25. Ne6 Nh6 26. Qh7 Rg8 27.
Nxg7 Rxg7 28. Qxh6 Rc7 29. Qh5+ Rg6 30. Re8 Kg7 1-0

[Event "AUT_chT 2012/13"]
[Site "Hohenems"]
[Date "2013.01.17"]
[Round "4"]
[Board "4"]
[White "Moser, Guenter"]
[Black "Kreisl, Robert"]
[Result "1-0"]
[WhiteElo "2356"]
[BlackElo "2410"]
[PlyCount "147"]
[EventDate "2012.11.02"]
[EventType "team"]
[EventRounds "11"]
[EventCountry "AUT"]
[WhiteTeam "Club 7 Ansfelden"]
[BlackTeam "SK MPOE Maria Saal"]

1. d4 d5 2. Nf3 Nf6 3. g3 c6 4. Bg2 Bf5 5. O-O e6 6. Nh4 Be4 7. f3 Bg6 8. Nd2
c5 9. Nxg6 hxg6 10. c3 Nc6 11. e3 Qb6 12. Qb3 Qxb3 13. Nxb3 c4 14. Nd2 b5 15.
Re1 Be7 16. e4 O-O 17. f4 dxe4 18. a4 a6 19. Nxe4 Nd5 20. Nf2 Bf6 21. Kf1 Na5
22. axb5 axb5 23. Ng4 Nb3 24. Rb1 Ra2 25. Bxd5 exd5 26. Re2 Rfa8 27. Bd2 b4 28.
Be1 Kf8 29. Ne3 bxc3 30. bxc3 Rxe2 31. Kxe2 Ra5 32. h4 Ke7 33. g4 Kd7 34. f5
gxf5 35. g5 Bd8 36. Nxf5 g6 37. Ne3 Ke6 38. Rb2 f6 39. gxf6 Bxf6 40. Kf3 Kf7
41. Rg2 Ra1 42. Bg3 Ke6 43. Kg4 Ra5 44. Re2 Kd7 45. Ng2 Nc1 46. Rf2 Be7 47. Nf4
Nd3 48. Nxd3 cxd3 49. Rd2 Ra1 50. Rxd3 Rc1 51. Re3 Rg1 52. Kh3 Bf6 53. Bh2 Rh1
54. Kg2 Ra1 55. Bg3 Ra3 56. Kf3 Rb3 57. Kf4 Ra3 58. Bf2 Ra2 59. Kf3 Rc2 60. Bg3
Rc1 61. Bf2 Rc2 62. Be1 Rh2 63. Bg3 Rc2 64. Kg4 Rc1 65. Bf4 Rg1+ 66. Rg3 Rxg3+
67. Bxg3 Kc6 68. Be5 Bd8 69. Bf4 Kb5 70. Bg5 Ba5 71. Bf6 Bxc3 72. Kg5 Kc4 73.
Kxg6 Bxd4 74. h5 1-0

[Event "AUT_chT 2012/13"]
[Site "Hohenems"]
[Date "2013.01.17"]
[Round "4"]
[Board "5"]
[White "Halvax, Georg"]
[Black "Ennsberger, Ulrich"]
[Result "1-0"]
[WhiteElo "2282"]
[BlackElo "2368"]
[PlyCount "54"]
[EventDate "2012.11.02"]
[EventType "team"]
[EventRounds "11"]
[EventCountry "AUT"]
[WhiteTeam "SK MPOE Maria Saal"]
[BlackTeam "Club 7 Ansfelden"]

1. e4 d5 2. exd5 Qxd5 3. Nc3 Qa5 4. Bc4 Nf6 5. d4 c6 6. Bd2 Bf5 7. Nf3 e6 8.
Ne4 Qc7 9. Ng3 Bg4 10. h3 Bxf3 11. Qxf3 Nbd7 12. O-O-O O-O-O 13. Rhe1 Bd6 14.
Kb1 Rhe8 15. Ne2 Re7 16. g4 h6 17. h4 Kb8 18. g5 hxg5 19. hxg5 Nd5 20. Bb3 c5
21. Bxd5 exd5 22. Qxd5 Nb6 23. Qf3 Nc4 24. Bc3 Rde8 25. dxc5 Bxc5 26. Nc1 Rxe1
27. Rxe1 Rxe1 1-0

[Event "AUT_chT 2012/13"]
[Site "Hohenems"]
[Date "2013.01.17"]
[Round "4"]
[Board "6"]
[White "Knoll, Hermann"]
[Black "Ertl, Johann"]
[Result "1-0"]
[WhiteElo "2302"]
[BlackElo "2287"]
[PlyCount "75"]
[EventDate "2012.11.02"]
[EventType "team"]
[EventRounds "11"]
[EventCountry "AUT"]
[WhiteTeam "Club 7 Ansfelden"]
[BlackTeam "SK MPOE Maria Saal"]

1. e4 e6 2. Qe2 c5 3. Nf3 Nc6 4. g3 g6 5. Bg2 Bg7 6. c3 e5 7. Na3 Nge7 8. Nc4
O-O 9. Nd6 Qc7 10. Nxc8 Raxc8 11. O-O Bh6 12. b3 Rfe8 13. Bb2 d5 14. exd5 Nxd5
15. Qc4 Rcd8 16. Qh4 Bg7 17. Rfe1 Nf6 18. Rad1 h6 19. Qa4 Rb8 20. d3 b5 21. Qa3
e4 22. dxe4 Nd7 23. Ba1 Nce5 24. Nxe5 Nxe5 25. f4 Nd7 26. e5 c4 27. Qd6 Qxd6
28. Rxd6 Nc5 29. bxc4 bxc4 30. Bd5 g5 31. Bxc4 gxf4 32. gxf4 Bf8 33. Rd2 Red8
34. Rg2+ Kh8 35. h3 Nd3 36. Rf1 f6 37. Rg8+ Kh7 38. Rxf8 1-0

[Event "AUT_chT 2012/13"]
[Site "Hohenems"]
[Date "2013.01.17"]
[Round "4"]
[Board "3"]
[White "Maksimenko, Andrei"]
[Black "Zorko, Jure"]
[Result "0-1"]
[WhiteElo "2543"]
[BlackElo "2464"]
[PlyCount "50"]
[EventDate "2012.11.02"]
[EventType "team"]
[EventRounds "11"]
[EventCountry "AUT"]
[WhiteTeam "ASVOE Wulkaprodersdorf"]
[BlackTeam "SV Raika Rapid Feffernitz"]

1. Nf3 Nf6 2. c4 e6 3. Nc3 Bb4 4. g4 O-O 5. g5 Ne8 6. Qc2 d5 7. e3 c5 8. Bd3 f5
9. cxd5 Bxc3 10. Qxc3 Qxd5 11. Be2 Nd6 12. b3 Nc6 13. Bb2 e5 14. d3 Re8 15. Rg1
b6 16. Nd2 Bb7 17. Nc4 Nd4 18. Bh5 g6 19. Bd1 Rad8 20. Kf1 N6b5 21. Qe1 Nf3 22.
Bxf3 Qxf3 23. Nxe5 Qh3+ 24. Ke2 Nd4+ 25. exd4 Rxe5+ 0-1

[Event "AUT_chT 2012/13"]
[Site "Hohenems"]
[Date "2013.01.17"]
[Round "4"]
[Board "5"]
[White "Schneider, Ilja"]
[Black "Schreiner, Peter"]
[Result "1/2-1/2"]
[WhiteElo "2492"]
[BlackElo "2442"]
[PlyCount "116"]
[EventDate "2012.11.02"]
[EventType "team"]
[EventRounds "11"]
[EventCountry "AUT"]
[WhiteTeam "ASVOE Wulkaprodersdorf"]
[BlackTeam "SV Raika Rapid Feffernitz"]

1. e4 e5 2. Nf3 Nc6 3. Nc3 Nf6 4. d4 exd4 5. Nxd4 Bb4 6. Nxc6 bxc6 7. Bd3 d5 8.
exd5 cxd5 9. O-O O-O 10. h3 c6 11. Qf3 Bd6 12. Bf4 Rb8 13. b3 Qc7 14. Bxd6 Qxd6
15. Rfe1 Bd7 16. Ne2 Rfe8 17. c4 d4 18. c5 Qxc5 19. Red1 Rb4 20. Bc4 Re4 21.
Qd3 Be6 22. Bxe6 Rxe6 23. Nxd4 Re4 24. Nc2 Rb8 25. Re1 Rbe8 26. Rxe4 Nxe4 27.
Ne3 h5 28. Rd1 a5 29. Qd7 Re6 30. Qd4 Qxd4 31. Rxd4 Nc3 32. Rd2 a4 33. Rd3 Nxa2
34. bxa4 Nb4 35. Rd7 c5 36. a5 Ra6 37. Nc4 Nc6 38. Rd6 Nb4 39. Rd8+ Kh7 40. Rb8
f6 41. Kf1 Re6 42. Rb5 Nc2 43. f3 Nb4 44. h4 Nd3 45. Rb1 g5 46. hxg5 fxg5 47.
Rd1 Nb4 48. Re1 Rxe1+ 49. Kxe1 Kg6 50. Nd6 Na6 51. Kd2 Kf6 52. Ne4+ Kf5 53. Kd3
h4 54. Ke3 g4 55. f4 Ke6 56. Nf2 Kf5 57. Ne4 Ke6 58. Nf2 Kf5 1/2-1/2

[Event "AUT_chT 2012/13"]
[Site "Hohenems"]
[Date "2013.01.17"]
[Round "4"]
[Board "4"]
[White "Wegerle, Joerg"]
[Black "Juhasz, Kristof"]
[Result "1/2-1/2"]
[WhiteElo "2427"]
[BlackElo "2331"]
[PlyCount "73"]
[EventDate "2012.11.02"]
[EventType "team"]
[EventRounds "11"]
[EventCountry "AUT"]
[WhiteTeam "SK Absam"]
[BlackTeam "SK Husek Wien"]

1. d4 Nf6 2. Nf3 d5 3. Bf4 c5 4. c3 Nc6 5. e3 Qb6 6. Qb3 c4 7. Qc2 Bf5 8. Qc1
e6 9. Nbd2 Qd8 10. b3 b5 11. Be2 h6 12. O-O Be7 13. a4 a6 14. Ne5 Nxe5 15. Bxe5
O-O 16. Bxf6 Bxf6 17. axb5 axb5 18. Qb2 Qc7 19. Rxa8 Rxa8 20. Ra1 Qc6 21. Rxa8+
Qxa8 22. bxc4 bxc4 23. e4 Bxe4 24. Nxe4 dxe4 25. Bxc4 Qa4 26. Bf1 Qc6 27. Qb3
Qd5 28. Qxd5 exd5 29. Bb5 Bg5 30. Bc6 Bd2 31. Bxd5 Bxc3 32. Bxe4 Bxd4 33. h4 g6
34. g3 Kg7 35. Kg2 h5 36. f4 f5 37. Bc6 1/2-1/2

[Event "AUT_chT 2012/13"]
[Site "Hohenems"]
[Date "2013.01.17"]
[Round "4"]
[Board "6"]
[White "Gerhold, Michael"]
[Black "Juhasz, Armin"]
[Result "1/2-1/2"]
[WhiteElo "2256"]
[BlackElo "2192"]
[PlyCount "112"]
[EventDate "2012.11.02"]
[EventType "team"]
[EventRounds "11"]
[EventCountry "AUT"]
[WhiteTeam "SK Absam"]
[BlackTeam "SK Husek Wien"]

1. Nf3 Nf6 2. c4 e6 3. Nc3 c5 4. g3 b6 5. Bg2 Bb7 6. O-O Be7 7. Re1 d5 8. cxd5
Nxd5 9. e4 Nb4 10. d4 cxd4 11. Nxd4 N8c6 12. Nxc6 Qxd1 13. Rxd1 Bxc6 14. a3 Nc2
15. Ra2 Rd8 16. Rxd8+ Bxd8 17. b4 Nd4 18. Be3 Nb5 19. e5 Bd7 20. Ne4 O-O 21.
Rd2 Bc8 22. a4 Nc7 23. Nd6 Bd7 24. Nb7 Nd5 25. Nxd8 Rxd8 26. Bxd5 exd5 27. Rxd5
h6 28. a5 bxa5 29. bxa5 Kf8 30. Bxa7 Ke8 31. Bb6 Rc8 32. Rd1 Bb5 33. Be3 Ra8
34. Ra1 Ke7 35. f4 Ke6 36. Kf2 Kf5 37. h3 Ke4 38. Bb6 Rc8 39. Re1+ Kf5 40. Kf3
Rc3+ 41. Re3 Rxe3+ 42. Kxe3 h5 43. Bd8 Bf1 44. Kf3 Ke6 45. g4 hxg4+ 46. hxg4
Kd5 47. Bc7 Kc6 48. Bb6 Kd5 49. Bd8 Bd3 50. Ke3 Bf1 51. Bh4 Ba6 52. Bg3 g6 53.
f5 gxf5 54. gxf5 Bc8 55. e6 fxe6 56. fxe6 Kxe6 1/2-1/2

[Event "AUT_chT 2012/13"]
[Site "Hohenems"]
[Date "2013.01.17"]
[Round "4"]
[Board "2"]
[White "Bauer, Christian"]
[Black "Schenk, Andreas"]
[Result "1/2-1/2"]
[WhiteElo "2633"]
[BlackElo "2487"]
[PlyCount "135"]
[EventDate "2012.11.02"]
[EventType "team"]
[EventRounds "11"]
[EventCountry "AUT"]
[WhiteTeam "SK Sparkasse Jenbach"]
[BlackTeam "SK Sparkasse Fuerstenfeld"]

1. e4 e6 2. d4 d5 3. Nd2 c5 4. exd5 Qxd5 5. Ngf3 cxd4 6. Bc4 Qd6 7. O-O Nf6 8.
Nb3 Nc6 9. Nbxd4 Nxd4 10. Nxd4 a6 11. Bb3 Qc7 12. Qf3 Bd6 13. h3 h6 14. Rd1
Bh2+ 15. Kh1 Be5 16. Be3 O-O 17. c3 Re8 18. Re1 Bd7 19. Rad1 Rad8 20. Bc2 Bc8
21. Qe2 Bf4 22. Bxf4 Qxf4 23. Rd3 Qc7 24. Rf3 Rd5 25. Bb3 Rc5 26. Re3 b6 27.
Nf3 Rd8 28. Ne5 Kf8 29. f4 g6 30. Qf2 Kg7 31. Bc2 Rg8 32. Qh4 Qd8 33. Rg3 Ne4
34. Rg4 Qxh4 35. Rxh4 Nf6 36. Ng4 Nxg4 37. Rxg4 Rd5 38. Re2 a5 39. Rg3 Ba6 40.
Rf2 Rgd8 41. Kg1 Rd2 42. Rgf3 Be2 43. Re3 Bc4 44. Ref3 Bxa2 45. Rxd2 Rxd2 46.
Rf2 Rd8 47. Kf1 Bd5 48. Ke2 Kf6 49. Ke3 Bc6 50. g3 Ke7 51. h4 Rg8 52. Rh2 Bd5
53. Bd3 Kf6 54. Rf2 Re8 55. h5 Rg8 56. hxg6 fxg6 57. Rh2 h5 58. Rh4 e5 59.
fxe5+ Kxe5 60. Bc2 Rg7 61. b4 Bc6 62. Rc4 Bd5 63. Rd4 Rc7 64. Kd2 axb4 65. Rxb4
Rc6 66. Rb5 g5 67. Bb3 Rc5 68. Rxb6 1/2-1/2

[Event "AUT_chT 2012/13"]
[Site "Hohenems"]
[Date "2013.01.17"]
[Round "4"]
[Board "3"]
[White "Farago, Ivan"]
[Black "Schlosser, Philipp"]
[Result "0-1"]
[WhiteElo "2472"]
[BlackElo "2579"]
[PlyCount "120"]
[EventDate "2012.11.02"]
[EventType "team"]
[EventRounds "11"]
[EventCountry "AUT"]
[WhiteTeam "SK Sparkasse Fuerstenfeld"]
[BlackTeam "SK Sparkasse Jenbach"]

1. d4 Nf6 2. c4 e6 3. Nf3 b6 4. Bf4 Bb7 5. e3 Be7 6. h3 c5 7. Nc3 cxd4 8. Nxd4
a6 9. Be2 O-O 10. O-O d6 11. Bg3 Nc6 12. Rc1 Rc8 13. Nf3 Na5 14. b3 Qc7 15. Qd2
Rfd8 16. Rfd1 h6 17. Nd4 Qb8 18. Bf3 Bxf3 19. Nxf3 Qb7 20. Qe2 Ne4 21. Nxe4
Qxe4 22. Nd4 Nc6 23. f3 Nxd4 24. Rxd4 Qc6 25. Rcd1 b5 26. e4 e5 27. Rd5 bxc4
28. bxc4 Qa4 29. Rc1 Rc6 30. Qc2 Qxc2 31. Rxc2 Rb8 32. Kf1 Rb4 33. c5 f6 34.
Bf2 Kf7 35. a3 Rb3 36. a4 Ke6 37. Rd1 Rb4 38. a5 Rb5 39. Ra1 f5 40. exf5+ Kxf5
41. cxd6 Rxc2 42. dxe7 Rc8 43. Bb6 Ke6 44. Bd8 Kf7 45. Kg1 Rc2 46. Kh2 Rbb2 47.
Rg1 Ra2 48. Kh1 Rc5 49. Re1 Ke8 50. Re4 h5 51. Re1 g5 52. Kh2 Rcc2 53. Rxe5
Rxg2+ 54. Kh1 Rh2+ 55. Kg1 Rhc2 56. Kf1 Rc1+ 57. Re1 Rc3 58. Re2 Rxf3+ 59. Kg2
Rxe2+ 60. Kxf3 Re5 0-1

[Event "AUT_chT 2012/13"]
[Site "Hohenems"]
[Date "2013.01.17"]
[Round "4"]
[Board "4"]
[White "Acs, Peter"]
[Black "Feher, Adam"]
[Result "1/2-1/2"]
[WhiteElo "2586"]
[BlackElo "2380"]
[PlyCount "67"]
[EventDate "2012.11.02"]
[EventType "team"]
[EventRounds "11"]
[EventCountry "AUT"]
[WhiteTeam "SK Sparkasse Jenbach"]
[BlackTeam "SK Sparkasse Fuerstenfeld"]

1. e4 e5 2. Nf3 Nc6 3. Bb5 a6 4. Ba4 Nf6 5. O-O b5 6. Bb3 Bc5 7. a4 Rb8 8. c3
d6 9. d4 Bb6 10. h3 O-O 11. Re1 h6 12. axb5 axb5 13. Na3 Na5 14. Bc2 Qe8 15.
dxe5 dxe5 16. b4 Nb7 17. c4 c6 18. Bd3 Bd7 19. Bb2 Bc7 20. Qc2 Bd6 21. c5 Bc7
22. Qc3 Nd8 23. Nxe5 Ne6 24. Nc2 Rd8 25. Ne3 Bc8 26. Nf5 Bxe5 27. Qxe5 Rxd3 28.
Nxg7 Kxg7 29. Qxf6+ Kh7 30. Ra7 Bd7 31. Bc1 Ng5 32. h4 Nf3+ 33. gxf3 Rg8+ 34.
Kf1 1/2-1/2

[Event "AUT_chT 2012/13"]
[Site "Hohenems"]
[Date "2013.01.17"]
[Round "4"]
[Board "5"]
[White "Postl, Anton"]
[Black "Bischoff, Klaus"]
[Result "0-1"]
[WhiteElo "2259"]
[BlackElo "2519"]
[PlyCount "80"]
[EventDate "2012.11.02"]
[EventType "team"]
[EventRounds "11"]
[EventCountry "AUT"]
[WhiteTeam "SK Sparkasse Fuerstenfeld"]
[BlackTeam "SK Sparkasse Jenbach"]

1. d4 Nf6 2. c4 c5 3. d5 b5 4. cxb5 a6 5. bxa6 g6 6. Nc3 Bxa6 7. e4 Bxf1 8.
Kxf1 d6 9. Nf3 Bg7 10. g3 O-O 11. Kg2 Nbd7 12. Qe2 Qb6 13. Rd1 Qa6 14. Qxa6
Rxa6 15. Bg5 h6 16. Bd2 Rb8 17. Rab1 Ne8 18. b3 Bxc3 19. Bxc3 Rxa2 20. Nd2 f5
21. Ra1 Rxa1 22. Rxa1 fxe4 23. Nxe4 Rb7 24. Bd2 Kh7 25. Ra8 Nc7 26. Rd8 Nxd5
27. g4 g5 28. h4 gxh4 29. g5 hxg5 30. Bxg5 Kg6 31. Bxh4 N7f6 32. Bxf6 Nxf6 33.
Nd2 Kf5 34. Kf3 Rb4 35. Ke3 Rh4 36. f3 Rh2 37. Rf8 Ke6 38. Kd3 Nd7 39. Re8 Ne5+
40. Ke3 d5 0-1

[Event "AUT_chT 2012/13"]
[Site "Hohenems"]
[Date "2013.01.17"]
[Round "4"]
[Board "1"]
[White "Hracek, Zbynek"]
[Black "Bosiocic, Marin"]
[Result "1-0"]
[WhiteElo "2615"]
[BlackElo "2571"]
[PlyCount "99"]
[EventDate "2012.11.02"]
[EventType "team"]
[EventRounds "11"]
[EventCountry "AUT"]
[WhiteTeam "SK Zwettl"]
[BlackTeam "ASVOE Fundermax St.Veit"]

1. e4 e5 2. Nf3 Nc6 3. Bb5 Nf6 4. d3 Bc5 5. Nc3 a6 6. Bxc6 dxc6 7. O-O Qd6 8.
Be3 Bg4 9. h3 Bh5 10. Bxc5 Qxc5 11. Qe2 Nd7 12. Qe3 Bxf3 13. Qxf3 Nf8 14. Qe3
Ne6 15. Qxc5 Nxc5 16. f4 exf4 17. Rxf4 Ne6 18. Rf2 f6 19. Nd1 Nd4 20. Ne3 O-O-O
21. Nf5 Nxf5 22. Rxf5 Rhe8 23. Raf1 Rd7 24. g4 b6 25. h4 Kd8 26. Kf2 h6 27. b4
Re5 28. Ke3 Rde7 29. Rxe5 Rxe5 30. d4 Re7 31. Rf5 Kd7 32. a4 Ke6 33. h5 Re8 34.
c3 Rd8 35. Kd3 Re8 36. Kd2 Kd6 37. Ke3 Ke6 38. Kd3 Kd6 39. c4 Ke6 40. c5 Rd8
41. cxb6 cxb6 42. a5 b5 43. Rc5 Kd6 44. Ke3 Re8 45. Kf4 Re7 46. Kf5 Kd7 47. Rc1
Re8 48. e5 fxe5 49. dxe5 Rf8+ 50. Ke4 1-0

[Event "AUT_chT 2012/13"]
[Site "Hohenems"]
[Date "2013.01.17"]
[Round "4"]
[Board "3"]
[White "Krejci, Jan"]
[Black "Rogic, Davor"]
[Result "0-1"]
[WhiteElo "2514"]
[BlackElo "2572"]
[PlyCount "98"]
[EventDate "2012.11.02"]
[EventType "team"]
[EventRounds "11"]
[EventCountry "AUT"]
[WhiteTeam "SK Zwettl"]
[BlackTeam "ASVOE Fundermax St.Veit"]

1. d4 d5 2. c4 c6 3. Nf3 Nf6 4. e3 Bf5 5. Nc3 e6 6. Nh4 Bg6 7. Be2 Nbd7 8. O-O
Be7 9. h3 Qc7 10. Nxg6 hxg6 11. b3 Rd8 12. Bb2 g5 13. Rc1 Rh4 14. cxd5 exd5 15.
Re1 g4 16. g3 Rxh3 17. Kg2 Rh7 18. Bd3 Rh5 19. Qe2 Qd6 20. Rh1 Qe6 21. Qc2 g6
22. Rxh5 Nxh5 23. e4 dxe4 24. Nxe4 Kf8 25. Qd2 Ndf6 26. Qh6+ Kg8 27. Ng5 Qd5+
28. Be4 Bf8 29. Bxd5 Rxd5 30. Qxf8+ Kxf8 31. f4 Ng7 32. Ba3+ Kg8 33. Be7 Ngh5
34. Bc5 Nd7 35. Re1 Nhf6 36. Bxa7 Ra5 37. Bc5 Rxa2+ 38. Kg1 Nxc5 39. dxc5 Kf8
40. Ne4 Nxe4 41. Rxe4 Rc2 42. Rc4 Rxc4 43. bxc4 Ke7 44. Kf2 Ke6 45. Ke3 Kf5 46.
Kd4 g5 47. fxg5 Kxg5 48. Ke4 f6 49. Kd4 Kf5 0-1

[Event "AUT_chT 2012/13"]
[Site "Hohenems"]
[Date "2013.01.17"]
[Round "4"]
[Board "4"]
[White "Neubauer, Martin"]
[Black "Bernasek, Jan"]
[Result "0-1"]
[WhiteElo "2440"]
[BlackElo "2506"]
[PlyCount "162"]
[EventDate "2012.11.02"]
[EventType "team"]
[EventRounds "11"]
[EventCountry "AUT"]
[WhiteTeam "ASVOE Fundermax St.Veit"]
[BlackTeam "SK Zwettl"]

1. Nf3 c5 2. c4 Nc6 3. Nc3 g6 4. e3 Nf6 5. d4 cxd4 6. exd4 d5 7. cxd5 Nxd5 8.
Qb3 Nxc3 9. Bc4 Nd5 10. Bxd5 e6 11. Bxc6+ bxc6 12. O-O Qd5 13. Qc3 f6 14. Bf4
Be7 15. Rfe1 Kf7 16. Re2 a5 17. Rc1 Ba6 18. Rec2 Rhc8 19. Qe3 a4 20. Nd2 g5 21.
Bg3 Rd8 22. Ne4 Qxd4 23. Qf3 Qd5 24. Bc7 Rd7 25. Rd2 Bd3 26. Qh5+ Kg7 27. Nc3
Qf5 28. Rcd1 c5 29. h4 c4 30. Bg3 g4 31. Qxf5 exf5 32. a3 Rb7 33. Re1 Kf7 34.
Bf4 Bc5 35. Kh2 Bd4 36. Rc1 Be5 37. g3 Ra5 38. Be3 Rb3 39. Kg2 Ke6 40. f4 gxf3+
41. Kxf3 Ra8 42. Bf4 h5 43. Ke3 Be4 44. Kf2 Bd3 45. Ke3 Kf7 46. Kf2 Kg6 47. Kf3
Ra7 48. Kf2 Ra8 49. Kf3 Ra6 50. Be3 Kf7 51. Kf2 Ke6 52. Kf3 Kd6 53. Kf2 Ra8 54.
Kf3 Kc6 55. Bf4 Kb6 56. Nd5+ Ka5 57. Bxe5 fxe5 58. Nb4 e4+ 59. Kf4 Rg8 60. Nc6+
Ka6 61. Ne5 Kb5 62. Rg2 e3 63. Nxd3 cxd3 64. Kxe3 d2+ 65. Kxd2 Rxb2+ 66. Rc2
Rxc2+ 67. Kxc2 f4 68. Kd1 fxg3 69. Ke1 Kc4 70. Kf1 Kb3 71. Re2 g2+ 72. Kg1 Kxa3
73. Re5 Rg4 74. Rxh5 Kb3 75. Re5 a3 76. Re3+ Ka4 77. h5 a2 78. Re1 Rh4 79. Kxg2
Rxh5 80. Kf3 Rb5 81. Ra1 Ka3 0-1

[Event "AUT_chT 2012/13"]
[Site "Hohenems"]
[Date "2013.01.17"]
[Round "4"]
[Board "5"]
[White "Blatny, Pavel"]
[Black "Hoelzl, Franz"]
[Result "1-0"]
[WhiteElo "2420"]
[BlackElo "2334"]
[PlyCount "49"]
[EventDate "2012.11.02"]
[EventType "team"]
[EventRounds "11"]
[EventCountry "AUT"]
[WhiteTeam "SK Zwettl"]
[BlackTeam "ASVOE Fundermax St.Veit"]

1. b3 c5 2. Bb2 Nf6 3. e3 g6 4. f4 Bg7 5. g3 O-O 6. Bg2 d6 7. Nf3 Nbd7 8. O-O
Qc7 9. c4 b6 10. Nc3 Bb7 11. Qc2 Rad8 12. Rae1 d5 13. cxd5 Nxd5 14. Nxd5 Bxd5
15. e4 Bb7 16. e5 Nb8 17. f5 Ba6 18. fxg6 hxg6 19. Qe4 Bd3 20. Qh4 f6 21. Bh3
Qc6 22. exf6 Rxf6 23. Ng5 Rd4 24. Qh7+ Kf8 25. Be6 1-0

[Event "AUT_chT 2012/13"]
[Site "Hohenems"]
[Date "2013.01.17"]
[Round "4"]
[Board "6"]
[White "Kaspret, Guido"]
[Black "Wagner, Stefan"]
[Result "1-0"]
[WhiteElo "2303"]
[BlackElo "2178"]
[PlyCount "68"]
[EventDate "2012.11.02"]
[EventType "team"]
[EventRounds "11"]
[EventCountry "AUT"]
[WhiteTeam "ASVOE Fundermax St.Veit"]
[BlackTeam "SK Zwettl"]

1. c4 Nf6 2. Nc3 c5 3. Nf3 Nc6 4. d4 cxd4 5. Nxd4 g6 6. Nc2 Bg7 7. g3 O-O 8.
Bg2 d6 9. O-O Bd7 10. b3 a6 11. Bb2 Rb8 12. Nd5 Nxd5 13. Bxg7 Ne3 14. Nxe3 Kxg7
15. Rc1 Qa5 16. c5 Rfd8 17. cxd6 Be6 18. Nc4 Bxc4 19. Rxc4 Rxd6 20. Qa1+ f6 21.
Bxc6 bxc6 22. Rc2 Rd2 23. Qc1 Rbd8 24. e3 Rxc2 25. Qxc2 Rd2 26. Qxc6 Qxa2 27.
Qe6 Qa3 28. Rb1 a5 29. b4 Kf8 30. b5 Qd3 31. Rc1 Qxb5 32. Rc8+ Kg7 33. Qxe7+
Kh6 34. Qf8+ Kg5 1-0

[Event "AUT_chT 2012/13"]
[Site "Hohenems"]
[Date "2013.01.18"]
[Round "5"]
[Board "1"]
[White "Bosiocic, Marin"]
[Black "Balogh, Csaba"]
[Result "1/2-1/2"]
[WhiteElo "2571"]
[BlackElo "2641"]
[PlyCount "59"]
[EventDate "2012.11.02"]
[EventType "team"]
[EventRounds "11"]
[EventCountry "AUT"]
[WhiteTeam "ASVOE Fundermax St.Veit"]
[BlackTeam "SK Advisory Invest Baden"]

1. e4 e5 2. Nf3 Nc6 3. Bb5 Nf6 4. O-O Nxe4 5. Re1 Nd6 6. Nxe5 Be7 
7. Bf1 Nxe5 8. Rxe5 O-O 9. d4 Ne8 10. d5 d6 11. Re1 Bg5 12. Bd3 Bxc1 
13. Qxc1 Nf6 14. Nc3 Bd7 15. Qd2 Re8 16. Rxe8+ Qxe8 17. Re1 Qf8 18. h3 Re8 
19. a3 a6 20. Re3 g6 21. Rxe8 Qxe8 22. Qe2 Qxe2 23. Bxe2 Bf5 24. Bd3 Bxd3 
25. cxd3 h5 26. g3 Kf8 27. f4 Ke7 28. Kf2 Ne8 29. Ke3 Ng7 30. g4 1/2-1/2

[Event "AUT_chT 2012/13"]
[Site "Hohenems"]
[Date "2013.01.18"]
[Round "5"]
[Board "2"]
[White "Socko, Bartosz"]
[Black "Kuljasevic, Davorin"]
[Result "1/2-1/2"]
[WhiteElo "2633"]
[BlackElo "2564"]
[PlyCount "150"]
[EventDate "2012.11.02"]
[EventType "team"]
[EventRounds "11"]
[EventCountry "AUT"]
[WhiteTeam "SK Advisory Invest Baden"]
[BlackTeam "ASVOE Fundermax St.Veit"]

1. e4 e5 2. Nf3 Nc6 3. Bb5 a6 4. Ba4 Nf6 5. O-O Be7 6. Bxc6 dxc6 
7. d3 Nd7 8. Nbd2 O-O 9. Nc4 f6 10. Nh4 Nc5 11. Nf5 Bxf5 12. exf5 Qd5 
13. Qg4 Rfe8 14. Nd2 Rad8 15. Re1 Qf7 16. b3 Rd4 17. Qh3 g6 18. Bb2 Rf4 
19. fxg6 hxg6 20. Ne4 Ne6 21. Bc1 f5 22. g3 Rxe4 23. dxe4 Nd4 24. Bb2 Nf3+ 
25. Kg2 Nxe1+ 26. Rxe1 Bd6 27. exf5 Qxf5 28. Re2 Re7 29. Qh4 e4 30. Re3 Bc5 
31. Qh8+ Kf7 32. Bd4 Bxd4 33. Qxd4 c5 34. Qh8 Rd7 35. Qh7+ Kf8 36. Qh8+ Kf7 
37. Qc3 Rd4 38. Re2 b5 39. Qe3 b4 40. h4 a5 41. f3 exf3+ 42. Qxf3 Qxf3+ 
43. Kxf3 c4 44. Re5 Rd2 45. Re2 cxb3 46. cxb3 Rd3+ 47. Kf4 a4 48. bxa4 Ra3 
49. Rc2 Rxa4 50. Rxc7+ Kf6 51. Rc4 Rxa2 52. Rxb4 Ra5 53. g4 Rc5 54. Rb6+ Kf7 
55. Rb7+ Kf6 56. Rb6+ Kf7 57. Rd6 Ra5 58. Ke4 Rb5 59. g5 Rb4+ 60. Rd4 Rxd4+ 
61. Kxd4 Ke6 62. Ke4 Kd6 63. Kf4 Ke6 64. Kg4 Kf7 65. Kg3 Ke7 66. Kf3 Ke6 
67. Kf4 Kf7 68. Ke5 Ke7 69. Kd5 Kd7 70. Kd4 Ke6 71. Ke3 Ke7 72. Kf3 Ke6 
73. Kf4 Kf7 74. Kg4 Kf8 75. Kg3 Kf7 1/2-1/2

[Event "AUT_chT 2012/13"]
[Site "Hohenems"]
[Date "2013.01.18"]
[Round "5"]
[Board "4"]
[White "Jankovic, Alojzije"]
[Black "Neubauer, Martin"]
[Result "1-0"]
[WhiteElo "2538"]
[BlackElo "2440"]
[PlyCount "81"]
[EventDate "2012.11.02"]
[EventType "team"]
[EventRounds "11"]
[EventCountry "AUT"]
[WhiteTeam "SK Advisory Invest Baden"]
[BlackTeam "ASVOE Fundermax St.Veit"]

1. d4 Nf6 2. c4 g6 3. Nc3 d5 4. Nf3 Bg7 5. e3 O-O 6. Be2 c5 
7. dxc5 dxc4 8. Qa4 Qc7 9. Qxc4 Be6 10. Qh4 h6 11. Nd4 Bd7 12. O-O Qxc5 
13. Nb3 Qc7 14. e4 g5 15. Qg3 Qxg3 16. hxg3 Nc6 17. f3 Rfc8 18. Be3 Ne5 
19. Bc5 e6 20. Rad1 Be8 21. f4 Ng6 22. Bd4 gxf4 23. e5 Nh7 24. gxf4 f6 
25. exf6 Bxf6 26. Bg4 Bf7 27. Ne4 Be7 28. Nbc5 Rc6 29. Nxb7 Rb8 30. Na5 Ra6 
31. Nc4 Rxa2 32. Ncd6 Nh4 33. g3 Nf5 34. Bxf5 exf5 35. Nxf5 Bf8 36. Be5 Ra8 
37. Rd7 Be6 38. Ne7+ Bxe7 39. Rxe7 Bf5 40. Nd6 Bh3 41. Rc1 1-0